Uso de la Biblia como fuente de materiales de textos para la enseñanza de contenidos y de valores humanos en la educación básica (Record no. 214)

MARC details
000 -LEADER
campo de control de longitud fija 03106nam a2200553Ia 4500
001 - NÚMERO DE CONTROL
campo de control 244
008 - DATOS DE LONGITUD FIJA--INFORMACIÓN GENERAL
campo de control de longitud fija 241029s9999 xx 000 0 und d
010 ## - NÚMERO DE CONTROL DE LA BIBLIOTECA DEL CONGRESO
Número de control de LC 214
041 ## - CÓDIGO DE IDIOMA
Código de lengua del texto/banda sonora o título independiente Español
082 ## - NÚMERO DE LA CLASIFICACIÓN DECIMAL DEWEY
Número de clasificación NO APLICA
245 #0 - MENCIÓN DEL TÍTULO
Título Uso de la Biblia como fuente de materiales de textos para la enseñanza de contenidos y de valores humanos en la educación básica
260 ## - PUBLICACIÓN, DISTRIBUCIÓN, ETC.
Lugar de publicación, distribución, etc. Santo Domingo
300 ## - DESCRIPCIÓN FÍSICA
Extensión 127
520 ## - RESUMEN, ETC.
Sumario, etc. 9
520 ## - RESUMEN, ETC.
Sumario, etc. Los principales propósito del estudio consistieron en lograr la inserción de los texto bíblico en los libros de todas las materias para las enseñanza de la educación primaria o básica, incluir en todas las materias de básica texto de las sagradas escrituras, capacitar a los maestros de modo que la enseñanza bíblica sea de fácil comprensión para los educadores y enseñar a los niños a practicar el amor intrafamiliar.Para el alcance de los objetivos se implementó una metodología cuantitativa y se fundamentó en el método de la encuesta, la entrevista y como técnicas se utilizó el cuestionario, el análisis, entrevista estadísticas y proporciones. La población es de 12,809 estudiantes y como muestra se tomaron 384. El estudio concluyó que se notó un cambio extraordinario y positivo en el interés de los alumnos por la enseñanza para ellos de una forma nueva y diferente. La Biblia es el único libro perfecto como guía base para la educación a nivel general y que todos los centros educativos se pudo ver la aceptación de la  introducción de la Biblia como el principal libro para la enseñanza.El estudio recomendó que las instituciones cristianas de educación deban inicial sus clases enseñando a los niños texto bíblico en los cuales se hable de la materia que se imparte, capacitar a los maestros y maestra para que instruyan de manera simple y de forma entendible para que los niños/as entiendan las narraciones bíblicas y que las iglesias puedan propiciar un acercamientos más notables hacia nuestra autoridad de educación.  
630 ## - PUNTO DE ACCESO ADICIONAL DE MATERIA--TÍTULO UNIFORME
Título uniforme Capacitación Docente
630 ## - PUNTO DE ACCESO ADICIONAL DE MATERIA--TÍTULO UNIFORME
Título uniforme Enseñanza-Aprendizaje
630 ## - PUNTO DE ACCESO ADICIONAL DE MATERIA--TÍTULO UNIFORME
Título uniforme Integración Familiar
650 ## - PUNTO DE ACCESO ADICIONAL DE MATERIA--TÉRMINO DE MATERIA
Término de materia o nombre geográfico como elemento de entrada Planificación Educativa
690 ## - PUNTO DE ACCESO ADICIONAL DE MATERIA LOCAL--TÉRMINO DE MATERIA (OCLC, RLIN)
Término de materia o nombre geográfico como elemento inicial Elaborado
700 ## - ENTRADA AGREGADA--NOMBRE PERSONAL
Término indicativo de función/relación asesor
Nombre de persona Hernández , Félix
700 ## - ENTRADA AGREGADA--NOMBRE PERSONAL
Término indicativo de función/relación autor
Nombre de persona Cofresí Escotto , Ruth
700 ## - ENTRADA AGREGADA--NOMBRE PERSONAL
Término indicativo de función/relación autor
Nombre de persona Parra Tineo , Catalina
901 ## - ELEMENTOS DE DATOS A LOCAL LDA (RLIN)
a {"1":"Cofresí Escotto ","2":"Parra Tineo "}
b {"1":"Ruth","2":"Catalina "}
902 ## - ELEMENTOS DE DATOS B LOCAL, LDB (RLIN)
a 1
903 ## - ELEMENTOS DE DATOS C LOCAL, LDC (RLIN)
a {"1":"Hernández "}
b {"1":"Félix"}
904 ## - ELEMENTOS DE DATOS D LOCAL, LDD (RLIN)
a Magíster en
905 ## - ELEMENTOS DE DATOS E LOCAL, LDE (RLIN)
a Educación Superior
906 ## - ELEMENTOS DE DATOS F LOCAL, LDF (RLIN)
a 1
907 ## - ELEMENTOS DE DATOS G LOCAL, LDG (RLIN)
a Mención en
908 ## - COLOCAR PARÁMETRO DE COMANDO (RLIN)
Colocar parámetro de comando Planificación Educativa
909 ## -
-- Universidad Nacional Evangélica (UNEV), Recinto Santo Domingo
910 ## - DATOS DE OPCIÓN DEL USUARIO (OCLC)
Datos de opción del usuario NULL
-- NULL
911 ## - EQUIVALENCIA O REFERENCIA-CRUZADA-NOMBRE DE CONFERENCIA O REUNIÓN/CONGRESO [LOCAL, CANADÁ]
Nombre de congreso/reunión o jurisdicción como elemento de entrada ["1"]
912 ## -
-- NO APLICA
913 ## -
-- NULL
914 ## -
-- 02 de Diciembre de 2013
915 ## -
-- 17/09/14 11:09
916 ## -
-- NULL
917 ## -
-- NULL
918 ## -
-- NO APLICA
919 ## -
-- ["30","89","123"]
921 ## -
-- 16
922 ## -
-- 16
923 ## -
-- 0
924 ## -
-- NO APLICA
942 ## - ELEMENTOS DE ENTRADA SECUNDARIOS (KOHA)
Tipo de ítem Koha

No items available.

© 2024. Todos los Derechos Reservados. Desarrollado por IDEICE